<?xml version="1.0" encoding="UTF-8"?>
<record
    xmlns:xsi="http://www.w3.org/2001/XMLSchema-instance"
    xsi:schemaLocation="http://www.loc.gov/MARC21/slim http://www.loc.gov/standards/marcxml/schema/MARC21slim.xsd"
    xmlns="http://www.loc.gov/MARC21/slim">

  <leader>01121nam a2200193Ia 4500</leader>
  <controlfield tag="008">151121s9999||||xx |||||||||||||| ||und||</controlfield>
  <datafield tag="082" ind1=" " ind2=" ">
    <subfield code="a">813/&#x926;&#x947;&#x936;&#x92A;&#x93E;&#x902;</subfield>
  </datafield>
  <datafield tag="082" ind1=" " ind2=" ">
    <subfield code="b">HNW-117909</subfield>
  </datafield>
  <datafield tag="100" ind1=" " ind2=" ">
    <subfield code="a">&#x926;&#x947;&#x936;&#x92A;&#x93E;&#x902;&#x921;&#x947; &#x930;&#x92E;&#x93E;&#x915;&#x93E;&#x902;&#x924;</subfield>
  </datafield>
  <datafield tag="245" ind1=" " ind2=" ">
    <subfield code="a">&#x930;&#x93E;&#x923;&#x940;&#x91A;&#x93E; &#x936;&#x93E;&#x92A;-&#x938;&#x93F;&#x928;&#x94D;&#x928;&#x930;&#x91A;&#x94D;&#x92F;&#x93E; &#x930;&#x93E;&#x923;&#x93F; &#x930;&#x93E;&#x91C;&#x932;&#x915;&#x94D;&#x937;&#x94D;&#x92E;&#x940;&#x91A;&#x940; &#x91A;&#x93F;&#x924;&#x94D;&#x924;&#x925;&#x930;&#x93E;&#x930;&#x915; &#x90F;&#x924;&#x93F;&#x939;&#x93E;&#x938;&#x93F;&#x915; &#x915;&#x93E;&#x926;&#x902;&#x92C;&#x930;&#x93F;</subfield>
  </datafield>
  <datafield tag="260" ind1=" " ind2=" ">
    <subfield code="b">&#x92E;&#x928;&#x94B;&#x930;&#x902;&#x91C;&#x928;  &#x92A;&#x94D;&#x930;&#x915;&#x93E;&#x936;&#x928; &#x92E;&#x941;&#x902;&#x92C;&#x908;&#x964;</subfield>
  </datafield>
  <datafield tag="260" ind1=" " ind2=" ">
    <subfield code="c">2015</subfield>
  </datafield>
  <datafield tag="300" ind1=" " ind2=" ">
    <subfield code="a">248</subfield>
  </datafield>
  <datafield tag="600" ind1=" " ind2=" ">
    <subfield code="a">&#x926;&#x947;&#x936;&#x92A;&#x93E;&#x902;&#x921;&#x947; &#x930;&#x92E;&#x93E;&#x915;&#x93E;&#x902;&#x924;</subfield>
  </datafield>
  <datafield tag="630" ind1=" " ind2=" ">
    <subfield code="a">&#x930;&#x93E;&#x923;&#x940;&#x91A;&#x93E; &#x936;&#x93E;&#x92A;-&#x938;&#x93F;&#x928;&#x94D;&#x928;&#x930;&#x91A;&#x94D;&#x92F;&#x93E; &#x930;&#x93E;&#x923;&#x93F; &#x930;&#x93E;&#x91C;&#x932;&#x915;&#x94D;&#x937;&#x94D;&#x92E;&#x940;&#x91A;&#x940; &#x91A;&#x93F;&#x924;&#x94D;&#x924;&#x925;&#x930;&#x93E;&#x930;&#x915; &#x90F;&#x924;&#x93F;&#x939;&#x93E;&#x938;&#x93F;&#x915; &#x915;&#x93E;&#x926;&#x902;&#x92C;&#x930;&#x93F;</subfield>
  </datafield>
  <datafield tag="700" ind1=" " ind2=" ">
    <subfield code="a">&#x926;&#x947;&#x936;&#x92A;&#x93E;&#x902;&#x921;&#x947; &#x930;&#x92E;&#x93E;&#x915;&#x93E;&#x902;&#x924;</subfield>
  </datafield>
  <datafield tag="730" ind1=" " ind2=" ">
    <subfield code="a">&#x930;&#x93E;&#x923;&#x940;&#x91A;&#x93E; &#x936;&#x93E;&#x92A;-&#x938;&#x93F;&#x928;&#x94D;&#x928;&#x930;&#x91A;&#x94D;&#x92F;&#x93E; &#x930;&#x93E;&#x923;&#x93F; &#x930;&#x93E;&#x91C;&#x932;&#x915;&#x94D;&#x937;&#x94D;&#x92E;&#x940;&#x91A;&#x940; &#x91A;&#x93F;&#x924;&#x94D;&#x924;&#x925;&#x930;&#x93E;&#x930;&#x915; &#x90F;&#x924;&#x93F;&#x939;&#x93E;&#x938;&#x93F;&#x915; &#x915;&#x93E;&#x926;&#x902;&#x92C;&#x930;&#x93F;</subfield>
  </datafield>
  <datafield tag="942" ind1=" " ind2=" ">
    <subfield code="c">BOOK</subfield>
  </datafield>
  <datafield tag="999" ind1=" " ind2=" ">
    <subfield code="c">1265467</subfield>
    <subfield code="d">1265464</subfield>
  </datafield>
  <datafield tag="952" ind1=" " ind2=" ">
    <subfield code="0">0</subfield>
    <subfield code="1">0</subfield>
    <subfield code="4">0</subfield>
    <subfield code="7">0</subfield>
    <subfield code="a">HNW</subfield>
    <subfield code="b">HNW</subfield>
    <subfield code="d">2015-04-15</subfield>
    <subfield code="g">300.00</subfield>
    <subfield code="l">0</subfield>
    <subfield code="o">HNW-117909</subfield>
    <subfield code="p">HNW-117909</subfield>
    <subfield code="r">2015-11-21 00:00:00</subfield>
    <subfield code="v">300.00</subfield>
    <subfield code="w">2015-11-21</subfield>
    <subfield code="y">BOOK</subfield>
  </datafield>
</record>
